000 00415nam a2200169 a 4500
001 4487
003 CO-ViMGA
008 141112s2004 ck r 000 u spa d
040 _aCO-ViMGA
_bspa
_cCO-ViMGA
082 0 4 _aDISjo1
100 1 _aDisney,
_96281
245 1 0 _aEl jorobado de Notre Dame
260 _aBogotá :
_bNorma,
_c1996
300 _a96 p : il
650 1 4 _aCUENTOS INFANTILES
_92743
942 _2ddc
_cBK
999 _c16497
_d16497